00481 2200169 4500001002100000008004100021035002000062245007800082100001400160260004500174300002400219020002200243084001400265082000800279650000900287990001500296INLIS000000000003312 ind  a0010-1225000133 aTemukan 50 Fakta Sains Unik dan Ajaib di Alqur'an & HadiscWulan Mulya P. aP., Wulan aJakartabPT. Elex Media Komputindoc2024 a104 hlmc18 x 24 cm a978-623-00-5654-3 a200 WUL t a200 aSain a19823/B/26